| 000 | 02178cam a22004694i 4500 | ||
|---|---|---|---|
| 003 | PE-LiUPU | ||
| 005 | 20250731173300.0 | ||
| 008 | 150625s1942 nyu r 000 0 eng d | ||
| 035 | _a(Sirsi) a36043 | ||
| 040 |
_aPE-LiUPU _bspa _cPE-LiUPU _erda |
||
| 082 | 0 | 4 |
_a220.48 _bW57 _221 |
| 130 |
_aBiblia. _pN.T. _lGriego. _f1942. |
||
| 245 | 0 | 4 |
_aThe emphatic diaglott: _bcontaining the original Greek text of what is commonly styled the New Testament, (according to the recension of Dr. J.J. Griesbach) with an interlineary word for word English translation; a new emphatic version, based on the interlineary translation, on the renderings of eminent critics, and on the various readings of the Vatican mmanuscript, no. 1209 in the Vatican library; together with illustrative and explanatory footnotes, and a copious selection of references; to the whole of which is added a valuable alphabetical appendix. / _cBy Benjamin Wilson. |
| 250 | _a1942 edición. | ||
| 264 | 1 |
_aBrooklyn, N.Y., _bInternational Bible Students Association; Watch Tower Bible and Tract Society _c[1942]. _aLondon: |
|
| 300 |
_a922 páginas ; _c18 centimetros |
||
| 336 |
_atext _2rdacontent |
||
| 337 |
_aunmediated _2rdamedia |
||
| 338 |
_avolume _2rdacarrier |
||
| 500 | _aFirst edition published in New York, 1864. | ||
| 505 | 0 | _aBiblia Griego-Inglés. | |
| 526 | _aSEG42 | ||
| 526 | _aSEG41 | ||
| 526 | _aSEG40 | ||
| 526 | _aSEG39 | ||
| 526 | _aP94 | ||
| 526 | _aP87 | ||
| 526 | _aP86 | ||
| 526 | _aP85 | ||
| 526 | _aP77 | ||
| 526 | _aP76 | ||
| 526 | _aP35 | ||
| 630 | 0 | 4 |
_aBiblia _vTraducción Interlinear. |
| 700 | 1 |
_aWilson, Benjamin, _d1817, _etraductor |
|
| 730 | 0 |
_aBible. _pN.T. _lInglés. _f1942. |
|
| 910 |
_baj _cnm _d20050512 |
||
| 942 |
_2ddc _cBOOK |
||
| 949 |
_a220.48 W57 _wDEWEY _c1 _i53996 _lCCODEBUL1 _mBUL _p10 _r0 _sY _tBOOK _u2015-06-25 _xTEOLOGIA _zUNKNOWN _0COMPRA _o.STAFF. Colección Teología |
||
| 596 | _a1 | ||
| 999 |
_a220.48 W57 _wDEWEY _c44073 _i53996 _d44073 _e2019-9-9 _f2021-11-11 _g5 _lCCODEBUL1 _mBUL _n2 _p10.00 _q3 _r0 _sY _tBOOK _u2015-6-25 _xTEOLOGIA _PP35 _0COMPRA _o.STAFF. Colección Teología |
||
| 980 |
_81 _gALBERTO SANCHEZ Responsable de Automatización |
||